Možnosti spájania pozinkovaného oceľového plechu s hliníkom metódou CMT

Saved in:
Bibliographic Details
Main Author: Habara, Lukáš, 1988- (Author)
Other Authors: Belanová, Judita, 1958- (Thesis advisor)
Format: Manuscript Book
Language:Slovak
Published: Bratislava : STU v Bratislave SjF, 2013
Subjects:
Online Access:VAIS
Tags: Add Tag
No Tags, Be the first to tag this record!

MARC

LEADER 00000ntm a22000003a 4500
001 stu286815
005 20150617230254.6
008 140321s2013----xo------------------slo-d
040 |a STU  |b slo 
041 0 |a slo 
044 |a xo 
100 1 |a Habara, Lukáš,  |d 1988-  |4 aut  |u J  |T SjF Strojnícka fakulta  |X 57674  |U J  |Y 20  |7 A000057674 
242 0 0 |a Opportunities of assembling zinc – coated steel sheet and aluminium with CMT method   |y eng 
245 1 |a Možnosti spájania pozinkovaného oceľového plechu s hliníkom metódou CMT 
260 |a Bratislava :  |b STU v Bratislave SjF,  |c 2013 
650 7 |a Production Processes and Materials  |2 estusub 
650 7 |a welding  |2 estusub 
650 7 |a brazing  |2 estusub 
650 7 |a póry  |2 stusub 
650 7 |a intermetalické fázy  |2 stusub 
650 7 |a hliník  |2 stusub 
650 7 |a spájkovanie  |2 stusub 
650 7 |a zváranie  |2 stusub 
650 7 |a strojárske technológie a materiály  |2 stusub 
700 1 |a Belanová, Judita,  |d 1958-  |4 ths  |u J280  |U SjF Ústav technológií a materiálov  |T SjF Katedra materiálov a technológií  |X 2346  |U J280  |Y 52  |7 A000002346 
856 4 |a info a plný text  |u http://is.stuba.sk/zp/portal_zp.pl?podrobnosti=94787  |3 VAIS 
996 |b J*1349/DP  |c J*1349/DP  |l JJSK  |s A  |a 24  |w stu286815_0001